[Event "Dulles Skyline op 3rd"]
[Site "Dulles"]
[Date "2024.10.12"]
[Round "4"]
[White "Lin, Benjamin2"]
[Black "Manchanda, Advik"]
[Result "1/2-1/2"]
[WhiteElo "1928"]
[BlackElo "1780"]
[PlyCount "66"]
[EventDate "2024.10.10"]
[EventType "swiss"]
[EventRounds "9"]
[EventCountry "USA"]
[SourceTitle "CB43_2024"]
[Source "Chessbase"]
[SourceDate "2024.10.23"]
[SourceVersion "1"]
[SourceVersionDate "2024.10.23"]
[SourceQuality "1"]

1. e4 e5 2. Nf3 Nc6 3. Bc4 Nf6 4. d3 Be7 5. 0-0 0-0 6. Re1 d6 7. c3 Na5 8. Bb5 a6 9. Ba4 b5 10. Bc2 c5 11. Nbd2 Nc6 12. Nf1 Re8 13. Ng3 h6 14. h3 Bf8 15. d4 Qc7 16. d5 Ne7 17. a4 Bd7 18. Be3 Ng6 19. Qd2 Reb8 20. b4 c4 21. a5 Re8 22. Rad1 Qc8 23. Kh2 Rb8 24. Rf1 Ne7 25. Nh4 g5 26. Nhf5 Nxf5 27. exf5 Bg7 28. f3 Ra8 29. Kg1 Qd8 30. Be4 Nxe4 31. fxe4 f6 32. Rf3 Rf8 33. h4 Qe7 1/2-1/2

[Event "Dulles Skyline op 3rd"]
[Site "Dulles"]
[Date "2024.10.11"]
[Round "2"]
[White "Yang, Daniel1"]
[Black "Manchanda, Advik"]
[Result "1-0"]
[WhiteElo "2101"]
[BlackElo "1780"]
[PlyCount "127"]
[EventDate "2024.10.10"]
[EventType "swiss"]
[EventRounds "9"]
[EventCountry "USA"]
[SourceTitle "CB43_2024"]
[Source "Chessbase"]
[SourceDate "2024.10.23"]
[SourceVersion "1"]
[SourceVersionDate "2024.10.23"]
[SourceQuality "1"]

1. d4 d5 2. c4 c6 3. Nf3 Nf6 4. Nc3 e6 5. e3 Nbd7 6. Qc2 Bd6 7. b3 0-0 8. Be2 e5 9. cxd5 cxd5 10. dxe5 Nxe5 11. Nd4 Be6 12. Bd2 Rc8 13. Qb2 Nc6 14. Nf3 Qe7 15. a3 Bf5 16. 0-0 Rfd8 17. Nb5 Ne4 18. Nxd6 Rxd6 19. b4 Nxd2 20. Qxd2 Rg6 21. Rfc1 Rd8 22. b5 Ne5 23. Qd4 Nxf3+ 24. Bxf3 Be4 25. Bxe4 dxe4 26. Qc4 Rgd6 27. Qb4 Qf6 28. Rab1 Qf5 29. a4 h5 30. Rf1 h4 31. h3 Rg6 32. Kh1 Rdd6 33. Rb2 Rxg2 34. Kxg2 Rg6+ 35. Kh2 Qe5+ 36. f4 exf3+ 37. Kh1 Qg3 38. Qe1 Qe5 39. Rh2 Rg3 40. Qf2 Qe4 41. Rc1 Qd5 42. Qd2 Qg5 43. Qd3 f5 44. Qc4+ Kh7 45. Qf4 Qf6 46. e4 fxe4 47. Qxe4+ g6 48. Qxb7+ Kh6 49. Qe4 Qg5 50. Rf1 Kg7 51. Qc2 Qd5 52. Qf2 Kh6 53. Qd2+ Qxd2 54. Rxd2 Rxh3+ 55. Rh2 Rxh2+ 56. Kxh2 Kg5 57. Rxf3 Kg4 58. Rb3 g5 59. a5 Kh5 60. b6 axb6 61. axb6 g4 62. b7 g3+ 63. Kh3 g2 64. Kxg2 1-0

[Event "Dulles Skyline op 3rd"]
[Site "Dulles"]
[Date "2024.10.10"]
[Round "1"]
[White "Manchanda, Advik"]
[Black "Das, Aditeya"]
[Result "1/2-1/2"]
[WhiteElo "1780"]
[BlackElo "1961"]
[PlyCount "68"]
[EventDate "2024.10.10"]
[EventType "swiss"]
[EventRounds "9"]
[EventCountry "USA"]
[SourceTitle "CB43_2024"]
[Source "Chessbase"]
[SourceDate "2024.10.23"]
[SourceVersion "1"]
[SourceVersionDate "2024.10.23"]
[SourceQuality "1"]

1. e4 c5 2. Nc3 Nc6 3. f4 g6 4. Nf3 Bg7 5. g3 d6 6. Bg2 e6 7. d3 d5 8. 0-0 Nge7 9. h3 h5 10. Ne2 b5 11. c3 a5 12. Be3 c4 13. e5 cxd3 14. Qxd3 Ba6 15. Qd2 Rc8 16. Rfe1 b4 17. Rac1 0-0 18. Ned4 Re8 19. g4 hxg4 20. hxg4 Qd7 21. Bf1 Bxf1 22. Rxf1 f6 23. Qh2 Nxd4 24. Nxd4 Nc6 25. Nxc6 Rxc6 26. Bd4 f5 27. gxf5 exf5 28. Kf2 bxc3 29. bxc3 Rb8 30. Rb1 Rcc8 31. Rh1 Kf7 32. Qh7 Qe6 33. Ba7 d4 34. Rxb8 Qxa2+ 1/2-1/2